| 000 | 01053nam a2200313 4500 | ||
|---|---|---|---|
| 003 | EG-GICUC | ||
| 005 | 20260427125004.0 | ||
| 008 | 260427s1970 uk ||||fr|||| 00| 0 eng d | ||
| 040 |
_aEG-GiCUC _beng _cEG-GiCUC _dEG-GiCUC _erda |
||
| 041 |
_aeng _heng |
||
| 082 | 0 | 4 |
_221 _a341.9 _bSW . L |
| 092 | 0 | 4 | _221 |
| 099 | _aLaw 11 341.9 SW . L 1970 | ||
| 110 | 1 |
_aSweet & Maxwell _eAuthor. |
|
| 245 | 1 | 3 |
_aLaw, International Affairs, Accountancy, Business: Catalogue 1970 / _cBy Sweet & Maxwell & Stevens & W. Green & Son. |
| 264 | 1 |
_alondon; _bSweet & Maxwell / Stevens / W. Green & Son, _c1970. |
|
| 300 |
_aمتعدد الترقيم _billustrations, _c24 cm |
||
| 336 |
_2rda content _atext |
||
| 337 |
_2rda media _aComputer |
||
| 338 |
_2rda carrier _aOnline Resource |
||
| 504 | _aBibliography: pages 200-250. | ||
| 650 | 1 |
_aPublic international law _2qrmak |
|
| 651 | 1 | _2qrmak | |
| 710 | _aStevens | ||
| 710 | _a W. Green & Son. | ||
| 856 | 4 | 0 | _uhttps://fll.law.cu.edu.eg/fulltext/bks/B11-00272.pdf |
| 905 | _a31 | ||
| 942 |
_2ddc _n0 _cBK _e21 |
||
| 999 |
_c73687 _d73687 |
||